कैरियर गाइड / (Record no. 119444)
[ view plain ]
| 000 -LEADER | |
|---|---|
| fixed length control field | 01148nam a22002657a 4500 |
| 005 - DATE AND TIME OF LATEST TRANSACTION | |
| control field | 20170124103134.0 |
| 010 ## - LIBRARY OF CONGRESS CONTROL NUMBER | |
| LC control number | A-952865 |
| 020 ## - INTERNATIONAL STANDARD BOOK NUMBER | |
| Terms of availability | 40.00 |
| 035 ## - SYSTEM CONTROL NUMBER | |
| System control number | A-952865 |
| 037 ## - SOURCE OF ACQUISITION | |
| Source of stock number/acquisition | Cen Lib/Ret |
| 040 ## - CATALOGING SOURCE | |
| Original cataloging agency | DPL |
| Language of cataloging | HN |
| 082 ## - DEWEY DECIMAL CLASSIFICATION NUMBER | |
| Classification number | 371.45 |
| Item number | मिश्ररा |
| 100 ## - MAIN ENTRY--PERSONAL NAME | |
| Personal name | मिश्र, राजशेखर |
| 9 (RLIN) | 84930 |
| 245 ## - TITLE STATEMENT | |
| Title | कैरियर गाइड / |
| Statement of responsibility, etc | राजशेखर मिश्र |
| 246 ## - VARYING FORM OF TITLE | |
| Title proper/short title | Career guide / |
| Remainder of title | by Rajshekhar Mishra |
| 260 ## - PUBLICATION, DISTRIBUTION, ETC. (IMPRINT) | |
| Name of publisher, distributor, etc | डायमंड पॉकेट बुक्स |
| Date of publication, distribution, etc | 1999 |
| Place of publication, distribution, etc | नयी दिल्ली |
| 270 ## - ADDRESS | |
| Address | X-30, ओखला इंडस्ट्रियल एरिया, फेज-2 |
| City | नयी दिल्ली |
| Postal code | 110020 |
| 300 ## - PHYSICAL DESCRIPTION | |
| Extent | 134पृ. |
| Dimensions | 20सेमी(सजिल्द) |
| 500 ## - GENERAL NOTE | |
| General note | अनुक्रमाणिका शामिल |
| 650 ## - SUBJECT ADDED ENTRY--TOPICAL TERM | |
| Topical term or geographic name as entry element | कैरियर -- होटेल मैनेजमेंट |
| 9 (RLIN) | 76815 |
| 650 ## - SUBJECT ADDED ENTRY--TOPICAL TERM | |
| Topical term or geographic name as entry element | कैरियर |
| Form subdivision | गाइड |
| 9 (RLIN) | 84931 |
| 650 ## - SUBJECT ADDED ENTRY--TOPICAL TERM | |
| Topical term or geographic name as entry element | Career - hotel management |
| 9 (RLIN) | 84932 |
| 650 ## - SUBJECT ADDED ENTRY--TOPICAL TERM | |
| Topical term or geographic name as entry element | Careers |
| Form subdivision | Guide |
| 9 (RLIN) | 84933 |
| 942 ## - ADDED ENTRY ELEMENTS (KOHA) | |
| Source of classification or shelving scheme | Dewey Decimal Classification |
| Koha item type | Hindi Books |
| Classification part | 371.45 |
| Call number suffix | मिश्ररा |
| Withdrawn status | Lost status | Damaged status | Not for loan | Home library | Current library | Date acquired | Source of acquisition | Cost, normal purchase price | Total Checkouts | Full call number | Barcode | Date last seen | Copy number | Cost, replacement price | Price effective from | Koha item type |
|---|---|---|---|---|---|---|---|---|---|---|---|---|---|---|---|---|
| Central Library | Central Library | 17/09/2015 | Cen Lib/Ret | 40.00 | 371.45 मिश्ररा | A-952865 | 17/09/2015 | 1 | 40.00 | 17/09/2015 | Hindi Books |
